000
00285nam a22001337a 4500
003
SGT
020
_a
0-19-56-3748-8
082
_a
581
_b
DUT
100
_a
DUTTA, A.C.
245
_a
BOTANY FOR DEGREE STUDENTS
260
_a
DELHI
_b
OXFORD
_c
2017
300
_a
708
942
_2
ddc
_c
BK
_0
6
999
_c
19444
_d
19444